000 00628nam a22002057a 4500
005 20251108173350.0
008 250721s1998 xx 000 0 ara d
020 _a9960204383
082 1 4 _aط/ /591.1/لام
100 1 _aفتحي، تراجي
_eTran.
245 1 0 _aحاسة السمع /
264 1 _aالرياض :
_bمكتبة العبيكان،
_c1998.
300 _a32ص.:مص
490 0 _aالحواس الخمس في عالم الحيوا ن
650 1 7 _aالحيوانات
650 1 7 _aالسمع
653 _aأطفال مرحلة متوسطة (6- 9 سنوات)
942 _2ddc
_cBK
999 _c102211
_d102211